| 000 | 00440nam a2200181Ia 4500 | ||
|---|---|---|---|
| 005 | 20250423095213.0 | ||
| 008 | 250422s9999 xx 000 0 und d | ||
| 020 | _a9789789654659 | ||
| 050 | _aK 140 .M6/ | ||
| 100 | _a Momodu,Basil | ||
| 245 | 0 | _aEncyclopedia of Nigeria case law principles and authority. | |
| 260 | _aBenin | ||
| 260 | _bMomod u pub | ||
| 260 | _c2018 | ||
| 300 | _a951 p | ||
| 650 | _aEncyclopedia | ||
| 942 | _cBK | ||
| 999 |
_c29561 _d29561 |
||